Statistics for Countries Mentioned in the Wikipedia Page of Germany

Click here to take the quiz!

General Stats

  • This quiz has been taken 36,201 times
    (6,630 since last reset)
  • The average score is 19 of 23

Answer Stats

FrequencyContextCountry% Correct
11Shares a land border with ...France
99%
5On 1 September 1939, Germany invaded ...Poland
99%
6Second most populous country in Europe after ...Russia
99%
1The western sectors, controlled by the ...United Kingdom
99%
10Annexed ... in 1938Austria
98%
3In the spring of 1940, Germany conquered ...Belgium
97%
3In the spring of 1940, Germany conquered ...Netherlands
96%
5
After the .... Germany is the second most popular immigration
destination in the world
United States
96%
3Increased military spending in response to the 2022 Russian invasion of ...Ukraine
95%
4In the spring of 1940, Germany conquered ...Denmark
94%
3Shares a land border with...Switzerland
94%
2Shares a land border with ...Czech Republic
93%
3Suffered military defeats after the Allies invaded ... in 1943Italy
93%
3In the spring of 1940, Germany conquered ...Luxembourg
92%
1Most of the Muslims are Sunnis and Alevites from ...Turkey
82%
2In 1989, thousands of East Germans fled to West Germany via ....Hungary
81%
1In the spring of 1940, Germany conquered ...Norway
77%
1The assassination on 28 June 1914 provided the pretext to attack ...Serbia
75%
1
The colonial government in South West Africa, present-day ....
Namibia
73%
1In 1941, German troops invaded ...Greece
60%
2
After 1884, expanded its colonial empire to include holdings in the
Pacific and ...
China
57%
2Sent peacekeeping troops to ...Afghanistan
53%
1Has peacekeeping troops in ...Kosovo
32%

Score Distribution

Percentile by Number Answered

Percent of People with Each Score

Your Score History

You have not taken this quiz since the last reset